<?xml version="1.0" encoding="UTF-8"?>
<collection xmlns="http://www.loc.gov/MARC21/slim">
 <record>
  <leader>03130cam a2200613   4500</leader>
  <controlfield tag="001">751738689</controlfield>
  <controlfield tag="003">DE-627</controlfield>
  <controlfield tag="005">20240326103056.0</controlfield>
  <controlfield tag="007">tu</controlfield>
  <controlfield tag="008">130711s2013    xxk|||||      00| ||eng c</controlfield>
  <datafield tag="010" ind1=" " ind2=" ">
   <subfield code="a">  2013433977</subfield>
  </datafield>
  <datafield tag="020" ind1=" " ind2=" ">
   <subfield code="a">9781407311340</subfield>
   <subfield code="9">978-1-4073-1134-0</subfield>
  </datafield>
  <datafield tag="035" ind1=" " ind2=" ">
   <subfield code="a">(DE-627)751738689</subfield>
  </datafield>
  <datafield tag="035" ind1=" " ind2=" ">
   <subfield code="a">(DE-576)9751738687</subfield>
  </datafield>
  <datafield tag="035" ind1=" " ind2=" ">
   <subfield code="a">(DE-599)GBV751738689</subfield>
  </datafield>
  <datafield tag="035" ind1=" " ind2=" ">
   <subfield code="a">(OCoLC)856051055</subfield>
  </datafield>
  <datafield tag="040" ind1=" " ind2=" ">
   <subfield code="a">DE-627</subfield>
   <subfield code="b">ger</subfield>
   <subfield code="c">DE-627</subfield>
   <subfield code="e">rakwb</subfield>
  </datafield>
  <datafield tag="041" ind1=" " ind2=" ">
   <subfield code="a">eng</subfield>
  </datafield>
  <datafield tag="044" ind1=" " ind2=" ">
   <subfield code="c">XA-GB</subfield>
  </datafield>
  <datafield tag="050" ind1=" " ind2="0">
   <subfield code="a">BL439</subfield>
  </datafield>
  <datafield tag="084" ind1=" " ind2=" ">
   <subfield code="a">6,12</subfield>
   <subfield code="a">6,23</subfield>
   <subfield code="2">ssgn</subfield>
  </datafield>
  <datafield tag="084" ind1=" " ind2=" ">
   <subfield code="a">NK 8200</subfield>
   <subfield code="q">BVB</subfield>
   <subfield code="2">rvk</subfield>
   <subfield code="0">(DE-625)rvk/126249:</subfield>
  </datafield>
  <datafield tag="084" ind1=" " ind2=" ">
   <subfield code="a">15.26</subfield>
   <subfield code="2">bkl</subfield>
  </datafield>
  <datafield tag="084" ind1=" " ind2=" ">
   <subfield code="a">15.15</subfield>
   <subfield code="2">bkl</subfield>
  </datafield>
  <datafield tag="245" ind1="1" ind2="0">
   <subfield code="a">Animals, gods and men from East to West</subfield>
   <subfield code="b">papers on archaeology and history in honour of Roberta Venco Ricciardi</subfield>
   <subfield code="c">ed. by Alessandra Peruzzetto ...</subfield>
  </datafield>
  <datafield tag="264" ind1=" " ind2="1">
   <subfield code="a">Oxford</subfield>
   <subfield code="b">Archaeopress [u.a.]</subfield>
   <subfield code="c">2013</subfield>
  </datafield>
  <datafield tag="300" ind1=" " ind2=" ">
   <subfield code="a">X, 206 S.</subfield>
   <subfield code="b">Ill., graph. Darst., Kt.</subfield>
  </datafield>
  <datafield tag="336" ind1=" " ind2=" ">
   <subfield code="a">Text</subfield>
   <subfield code="b">txt</subfield>
   <subfield code="2">rdacontent</subfield>
  </datafield>
  <datafield tag="337" ind1=" " ind2=" ">
   <subfield code="a">ohne Hilfsmittel zu benutzen</subfield>
   <subfield code="b">n</subfield>
   <subfield code="2">rdamedia</subfield>
  </datafield>
  <datafield tag="338" ind1=" " ind2=" ">
   <subfield code="a">Band</subfield>
   <subfield code="b">nc</subfield>
   <subfield code="2">rdacarrier</subfield>
  </datafield>
  <datafield tag="490" ind1="1" ind2=" ">
   <subfield code="a">British Archaeological Reports</subfield>
   <subfield code="a">International series</subfield>
   <subfield code="v">2516</subfield>
  </datafield>
  <datafield tag="650" ind1=" " ind2="0">
   <subfield code="a">Animals</subfield>
   <subfield code="x">Religious aspects</subfield>
   <subfield code="x">History</subfield>
  </datafield>
  <datafield tag="650" ind1=" " ind2="0">
   <subfield code="a">Animals in art</subfield>
  </datafield>
  <datafield tag="650" ind1=" " ind2="0">
   <subfield code="a">Art and religion</subfield>
  </datafield>
  <datafield tag="655" ind1=" " ind2="7">
   <subfield code="a">Aufsatzsammlung</subfield>
   <subfield code="0">(DE-588)4143413-4</subfield>
   <subfield code="0">(DE-627)105605727</subfield>
   <subfield code="0">(DE-576)209726091</subfield>
   <subfield code="2">gnd-content</subfield>
  </datafield>
  <datafield tag="689" ind1="0" ind2="0">
   <subfield code="d">g</subfield>
   <subfield code="0">(DE-588)4001451-4</subfield>
   <subfield code="0">(DE-627)106397052</subfield>
   <subfield code="0">(DE-576)208842934</subfield>
   <subfield code="a">Alter Orient</subfield>
   <subfield code="2">gnd</subfield>
  </datafield>
  <datafield tag="689" ind1="0" ind2="1">
   <subfield code="d">g</subfield>
   <subfield code="0">(DE-588)4068878-1</subfield>
   <subfield code="0">(DE-627)104589485</subfield>
   <subfield code="0">(DE-576)20917496X</subfield>
   <subfield code="a">Naher Osten</subfield>
   <subfield code="2">gnd</subfield>
  </datafield>
  <datafield tag="689" ind1="0" ind2="2">
   <subfield code="d">s</subfield>
   <subfield code="0">(DE-588)4024313-8</subfield>
   <subfield code="0">(DE-627)106299255</subfield>
   <subfield code="0">(DE-576)208954449</subfield>
   <subfield code="a">Hellenismus</subfield>
   <subfield code="2">gnd</subfield>
  </datafield>
  <datafield tag="689" ind1="0" ind2="3">
   <subfield code="d">g</subfield>
   <subfield code="0">(DE-588)4023627-4</subfield>
   <subfield code="0">(DE-627)106302612</subfield>
   <subfield code="0">(DE-576)208950532</subfield>
   <subfield code="a">Hatra</subfield>
   <subfield code="2">gnd</subfield>
  </datafield>
  <datafield tag="689" ind1="0" ind2=" ">
   <subfield code="5">(DE-627)</subfield>
  </datafield>
  <datafield tag="700" ind1="1" ind2=" ">
   <subfield code="a">Peruzzetto, Alessandra</subfield>
   <subfield code="0">(DE-588)1037804279</subfield>
   <subfield code="0">(DE-627)756274613</subfield>
   <subfield code="0">(DE-576)391841637</subfield>
   <subfield code="4">oth</subfield>
  </datafield>
  <datafield tag="700" ind1="1" ind2=" ">
   <subfield code="a">Venco Ricciardi, Roberta</subfield>
   <subfield code="e">GefeierteR</subfield>
   <subfield code="0">(DE-588)1038158257</subfield>
   <subfield code="0">(DE-627)756715105</subfield>
   <subfield code="0">(DE-576)39216129X</subfield>
   <subfield code="4">hnr</subfield>
  </datafield>
  <datafield tag="787" ind1="0" ind2="8">
   <subfield code="i">Rezensiert in</subfield>
   <subfield code="a">Bassani, Maddalena, 1973 - </subfield>
   <subfield code="t">[Rezension von: Alessandra Peruzzetto (Hrsg.), Animals, gods and men from east to west. Papers on archaeology and history in honour of Roberta Venco Ricciardi]</subfield>
   <subfield code="d">2016</subfield>
   <subfield code="w">(DE-627)1818965216</subfield>
  </datafield>
  <datafield tag="830" ind1=" " ind2="0">
   <subfield code="a">BAR / International series</subfield>
   <subfield code="v">2516</subfield>
   <subfield code="9">2516</subfield>
   <subfield code="w">(DE-627)130552151</subfield>
   <subfield code="w">(DE-576)005734614</subfield>
   <subfield code="w">(DE-600)783066-X</subfield>
   <subfield code="x">0143-3067</subfield>
   <subfield code="7">ns</subfield>
  </datafield>
  <datafield tag="936" ind1="r" ind2="v">
   <subfield code="a">NK 8200</subfield>
   <subfield code="b">Historiker-Festschriften und Aufsatzsammlungen von Historikern, Allgemeines</subfield>
   <subfield code="k">Geschichte</subfield>
   <subfield code="k">Weltgeschichte, Darstellungen Allgemeine Geschichte einzelner Staaten und Völker Teilgebiete der Geschichte, Sammelwerke</subfield>
   <subfield code="k">Allgemeine Sammelwerke und Sammelbiografien</subfield>
   <subfield code="k">Historiker-Festschriften und Aufsatzsammlungen von Historikern</subfield>
   <subfield code="k">Historiker-Festschriften und Aufsatzsammlungen von Historikern, Allgemeines</subfield>
   <subfield code="0">(DE-627)1270875841</subfield>
   <subfield code="0">(DE-625)rvk/126249:</subfield>
   <subfield code="0">(DE-576)200875841</subfield>
  </datafield>
  <datafield tag="936" ind1="b" ind2="k">
   <subfield code="a">15.26</subfield>
   <subfield code="j">Alter Orient</subfield>
   <subfield code="j">Nordafrika</subfield>
   <subfield code="x">Alte Geschichte</subfield>
   <subfield code="0">(DE-627)181571021</subfield>
  </datafield>
  <datafield tag="936" ind1="b" ind2="k">
   <subfield code="a">15.15</subfield>
   <subfield code="j">Archäologie</subfield>
   <subfield code="0">(DE-627)10640461X</subfield>
  </datafield>
  <datafield tag="951" ind1=" " ind2=" ">
   <subfield code="a">BO</subfield>
  </datafield>
  <datafield tag="990" ind1=" " ind2=" ">
   <subfield code="a">Alter Orient</subfield>
  </datafield>
  <datafield tag="990" ind1=" " ind2=" ">
   <subfield code="a">Naher Osten</subfield>
  </datafield>
  <datafield tag="990" ind1=" " ind2=" ">
   <subfield code="a">Hellenismus</subfield>
  </datafield>
  <datafield tag="990" ind1=" " ind2=" ">
   <subfield code="a">Hatra</subfield>
  </datafield>
  <datafield tag="991" ind1=" " ind2=" ">
   <subfield code="a">Rezensiertes Werk</subfield>
  </datafield>
  <datafield tag="999" ind1=" " ind2=" ">
   <subfield code="a">KXP-PPN751738689</subfield>
   <subfield code="e">4197891857</subfield>
  </datafield>
 </record>
</collection>
